00931nam a2200229 a 4500001001000000003000500010005001700015008004100032010001100073011001100084040000900095100003200104245020000136260004100336500006000377502008500437650003500522650002500557650001900582650003000601856007000631000109709CHAP20220329144101.0140521s2014 mx a sm |||||||spa d a106171 a107143 cCHAP1 aGonzález Machorro, Emilia10aInteracciones bióticas de la cochinilla silvestre Dactylopius opuntiae Cockerell (Homóptera: dactylopiidae), en una plantación de nopal tuneroh[En línea]cpor Emilia González Machorro. aChapingo, Méx. :bEl autor,c2014. aPara ver el contenido del material haga clic en la liga aTesis (Ing. Agr. Esp. en Agroecología) -- UACH. Departamento de Agroecología14aControl biológico de plagas.14aNopalxEnfermedades.14aNopalxPlagas.14aPlagasxIdentificación. aFinding aiduhttp://10.13.5.2/tesis/sist109709.pdfzTeclea aquí